Cyclisme : Effectif 2025 d’Alpecin Deceuninck - Statistiques

Statistiques générales
  • Ce quiz a été pris 29 fois
  • Le résultat moyen est 10 sur 29
Statistiques - réponses
Pays Reprensenté Coureur % Correct
Belgique Jasper Philipsen
100%
Pays-Bas Mathieu van der Poel
100%
Suisse Silvan Dillier
75%
Australie Kaden Groves
71%
Belgique Gianni Vermeersch
58%
Italie Luca Vergallito
54%
Belgique Jonas Rickaert
50%
Belgique Quinten Hermans
46%
Autriche Tobias Bayer
42%
Slovénie Gal Glivar
33%
Autriche Michael Gogl
33%
Pays-Bas Oscar Riesebeek
33%
Nouvelle-Zelande Samuel Gaze
33%
Belgique Xandro Meurisse
33%
Pays-Bas Tibor Del Grosso
29%
Belgique Robbe Ghys
25%
Belgique Timo Kielich
21%
Belgique Edward Planckaert
17%
Belgique Emiel Verstrynge
17%
Allemagne Henri Uhlig
17%
Australie Jensen Plowright
17%
Danemark Johan Price-Pejtersen
17%
Belgique Stan Van Tricht
17%
Belgique Fabio Van Den Bossche
13%
Allemagne Juri Hollmann
13%
Pays-Bas Lars Boven
13%
Belgique Jimmy Janssens
8%
Belgique Ramses Debruyne
4%
Belgique Simon Dehairs
4%
Aucun quiz correspondant
Distribution des résultats
% des personnes avec chaque résultat
Percentile par nombre de réponses
Votre historique - résultats
Vous n’avez pas pris ce quiz